000 00399nam a2200145Ia 4500
008 230917s9999||||xx |||||||||||||| ||und||
040 _e207100
_aMAIN
041 _aEnglish
082 _a340 S73T
100 _aSunil Kumar
245 0 _aProtection of investors and shareholders: A critical study of role of SEBI
260 _aRohtak
_bM.D.University
_c2011
300 _alxxi,500 p.
942 _cTH
999 _c125631
_d125631